00728nam a2200205Ia 450000500170000000800410001702000150005804000180007304100080009108200230009910000240012224500900014625000360023626000580027230000280033065000420035865000390040065000640043970000190050320260128115339.0210716s2000 xx 000 0 und d a8125905537 cAIMIT LIBRARY aeng a658.1511 23bBHAS aBhattacharyya, S K. aAccounting for management :btext and cases /cBy S K Bhattacharyya and John Dearden. a3rd ed.bThird Revised Edition. aNew Delhi :bVikas Publishing House Pvt Ltd ,c2000. axii,420p. ;bPBc25 cm. aIntroduction to managerial accounting aRevenue recognition and management aAccounting mechanics: preparartior: of financial statements aDearden, John.